Movies Quiz

Random Movies or Actor Quiz

More First Names in Movies? Quiz Stats

 Plays Quiz Updated Apr 2, 2018

Challenge
Share
Tweet
Score 0/18 Timer 06:00
7 Plays Today
% Correct
The Adventures of
Robin Williams Hood
92.3%
Ben Stiller
-Hur
91.9%
Forgetting Sarah
Michelle Gellar Marshall
87.3%
Steve Buscemi
Jobs
86.7%
James Franco
and the Giant Peach
86.4%
Joe Pesci
Versus the Volcano
81.6%
Meet Me in St.
Louis C.K.
80.2%
Billy Bob Thornton
Madison
77.7%
The Exorcism of
Emily Blunt Rose
74.9%
% Correct
What Ever Happened To
Baby Jane Lynch?
73.3%
Mad
Max von Sydow
72.1%
There's Something About
Mary Steenburgen
71.9%
Bonnie Bedelia
and Clyde
69.1%
Anne Hathaway
of the Thousand Days
66.4%
Who's Afraid Of
Virginia Madsen Woolf?
64.1%
Frances McDormand
Ha
63.4%
Florence Henderson
Foster Jenkins
60.3%
What About
Bob Hoskins?
60.2%

You're not logged in!

Compare scores with friends on all Sporcle quizzes.
Join for Free
OR
Log In

You Might Also Like...

Show Comments

Extras

Top Quizzes Today


Score Distribution

Your Account Isn't Verified!

In order to create a playlist on Sporcle, you need to verify the email address you used during registration. Go to your Sporcle Settings to finish the process.

Report this User

Report this user for behavior that violates our Community Guidelines.

Details: